000 00831nam a2200205 i 4500
001 180970
003 ES-MaACL
005 20250724075057.0
008 120919s1874 sp |||| | spa d
245 0 0 _aResumen de los trabajos de la Comité Permanente [hechos para la determinación del Metro y kilógramo internacionales] /
_cpublicado por el Instituto Geográfico y Estadístico de España.
260 _aMadrid :
_b[s.n.],
_c1874 (
_fImpr. Aribau y Cª)
300 _a76 p. ;
_c27 cm.
594 _aPrecede al tít.: Comisión Internacional del Metro.
650 7 _aPesos y medidas
_2embne
_9136691
710 2 _aComisión Internacional del Metro.
_9151422
710 2 _aInstituto Geográfico y Estadístico (España)
_93892
852 _aES-MaACL
_jT-162-F-1
852 _aES-MaACL
_jT-438-F-13
999 _c180970
_d180970